000 00679nam a2200229 a 4500
001 BRCA_6911
005 20190320205634.0
008 161111s19261927gw-#######---#000-0#gw--#
041 _ager
044 _agw
100 1 _aUndset, Sigrid
_d1882-1949
_917216
245 1 0 _aKriftin Lavranstochter
_cherausgegeben von J. Sandmeier.
260 _aFrankfurt, Alemania
_bRütten & Loening
_c1926
300 _a2 v.
_c20 cm.
500 _aLa biblioteca solo cuenta con el v.1 y v.2.
500 _aO107
505 0 _aContenido: v.1. Der Kranz. -- v.2. Die Frau
650 1 4 _aLiteratura Noruega
_914978
700 1 _aSandmeier, Julius
_eed.
_917217
902 _aGFM
942 _2lcc
_cB
999 _c6593
_d6593